000
00278nam a22001337a 4500
005
20251108172618.0
008
250721s9999 xx 000 0 eng d
082
1
4
_a
363.1791
245
1
4
_a
The /
264
1
_a
New York :
300
_a
p.
942
_2
ddc
_c
BK
999
_c
83980
_d
83980